[Event "Jakarta Indonesia op 3rd"]
[Site "Jakarta"]
[Date "2013.10.12"]
[Round "3"]
[White "Sihite, Chelsie Monica"]
[Black "Purba, Cornelis"]
[Result "1/2-1/2"]
[WhiteElo "2267"]
[BlackElo "2193"]
[PlyCount "95"]
[EventDate "2013.10.10"]
[EventType "swiss"]
[EventRounds "11"]
[EventCountry "INA"]
[SourceTitle "CBM 156 Extra"]
[Source "ChessBase"]
[SourceDate "2013.10.22"]
[SourceVersion "1"]
[SourceVersionDate "2013.10.22"]
[SourceQuality "1"]

1. e4 d6 2. d4 Nf6 3. Nc3 c6 4. a4 Nbd7 5. Nf3 e5 6. Bc4 Be7 7. h3 0-0 8. 0-0 Qa5 9. dxe5 dxe5 10. Bd2 Bb4 11. Qe2 Qc7 12. Nd1 Bxd2 13. Nxd2 Nc5 14. Qe3 Ne6 15. Re1 Nf4 16. Nf1 Qe7 17. Ng3 g6 18. Qa3 c5 19. Ne3 Rd8 20. Rad1 b6 21. Rxd8+ Qxd8 22. Rd1 Qe7 23. Qb3 Bb7 24. f3 h5 25. Nef5 gxf5 26. Nxf5 Qc7 27. Rd6 Nh7 28. Bxf7+ Kh8 29. Kh2 Rf8 30. Qc3 Rxf7 31. Qxe5+ Rf6 32. Qe8+ Rf8 33. Qe5+ Rf6 34. Qxf4 Qxd6 35. Qxd6 Rxd6 36. Nxd6 Bc6 37. b3 Kg7 38. e5 Ng5 39. f4 Ne4 40. Nf5+ Kf7 41. g4 hxg4 42. hxg4 Nc3 43. Nd6+ Ke6 44. Nc4 Be4 45. f5+ Bxf5 46. gxf5+ Kxf5 47. Kg2 Ne2 48. a5 1/2-1/2

[Event "Jakarta Indonesia op 3rd"]
[Site "Jakarta"]
[Date "2013.10.11"]
[Round "2"]
[White "Bersamina, Paulo"]
[Black "Purba, Cornelis"]
[Result "1-0"]
[WhiteElo "2310"]
[BlackElo "2193"]
[PlyCount "83"]
[EventDate "2013.10.10"]
[EventType "swiss"]
[EventRounds "11"]
[EventCountry "INA"]
[SourceTitle "CBM 156 Extra"]
[Source "ChessBase"]
[SourceDate "2013.10.22"]
[SourceVersion "1"]
[SourceVersionDate "2013.10.22"]
[SourceQuality "1"]

1. e4 d6 2. d4 Nf6 3. Nc3 g6 4. Be3 Bg7 5. f3 c6 6. Qd2 h5 7. 0-0-0 b5 8. Nge2 Qa5 9. a3 Nbd7 10. Nf4 a6 11. Kb1 Qc7 12. Be2 Rb8 13. g4 hxg4 14. fxg4 e5 15. g5 Nh7 16. dxe5 dxe5 17. Nd3 a5 18. b4 Nhf8 19. Nc5 Rh3 20. Bf1 Rxe3 21. Qxe3 Qa7 22. Rd6 axb4 23. axb4 Ra8 24. Kc1 Qa3+ 25. Kd2 Qxb4 26. Rxc6 Rb8 27. Bxb5 Kd8 28. Bd3 Nxc5 29. Rxc5 Qa3 30. Rb1 Rxb1 31. Nxb1 Qb4+ 32. Nc3 Nd7 33. Rc4 Qa3 34. Qf2 f6 35. gxf6 Bxf6 36. Nd5 Bg5+ 37. Ke2 Qc1 38. Qf7 Qd2+ 39. Kf1 Qd1+ 40. Kg2 Qg4+ 41. Kh1 Nb6 42. Qf8+ 1-0

[Event "Jakarta Indonesia op 2nd"]
[Site "Jakarta"]
[Date "2012.10.12"]
[Round "2"]
[White "Purba, Cornelis"]
[Black "Aulia, Medina Warda"]
[Result "0-1"]
[WhiteElo "2203"]
[BlackElo "2311"]
[PlyCount "119"]
[EventDate "2012.10.11"]
[EventType "swiss"]
[EventRounds "9"]
[EventCountry "INA"]
[SourceTitle "EXT 2013"]
[Source "ChessBase"]
[SourceDate "2012.11.22"]
[SourceVersion "1"]
[SourceVersionDate "2012.11.22"]
[SourceQuality "1"]

1. e4 e6 2. Nf3 d5 3. Nc3 d4 4. Ne2 c5 5. c3 Nc6 6. cxd4 cxd4 7. Qa4 Bc5 8. b4 Bb6 9. b5 Nce7 10. Nexd4 Ng6 11. Ba3 Nf6 12. Nb3 Qc7 13. g3 Qc2 14. e5 Qf5 15. Be2 Nxe5 16. Nxe5 Qxe5 17. d4 Qe4 18. f3 Qf5 19. Rc1 Nd5 20. Qc4 h5 21. Kf2 h4 22. Qd3 Qg5 23. f4 Qf6 24. Bf3 Ne7 25. Qe4 0-0 26. g4 Re8 27. Bd6 Nd5 28. Qe5 Qd8 29. Rhe1 Bd7 30. a4 a6 31. Qh5 axb5 32. Be5 bxa4 33. Be4 Nf6 34. Bxf6 Qxf6 35. Nc5 g6 36. Qe5 Qxe5 37. fxe5 Bxc5 38. Rxc5 a3 39. Bxb7 Ra4 40. Ke3 a2 41. Ra1 Rb8 42. Rc7 Ra3+ 43. Kf4 Ba4 44. d5 exd5 45. Bxd5 Bb3 46. Bxb3 Rbxb3 47. Rc2 Rf3+ 48. Ke4 g5 49. Raxa2 Rf4+ 50. Kd5 Rd3+ 51. Kc5 Rxg4 52. Rf2 Re3 53. Kd5 Rd3+ 54. Kc5 Rdd4 55. Ra8+ Kg7 56. Ra7 Rc4+ 57. Kb5 Rcf4 58. Rxf4 Rxf4 59. e6 Kf8 60. exf7 0-1

[Event "Singapore op"]
[Site "Singapore"]
[Date "2004.12.15"]
[Round "7"]
[White "Purba, Cornelis"]
[Black "Wang, Rui"]
[Result "0-1"]
[WhiteElo "2181"]
[BlackElo "2484"]
[PlyCount "80"]
[EventDate "2004.12.11"]
[EventType "swiss"]
[EventRounds "9"]
[EventCountry "SIN"]
[SourceTitle "CBM 103 Extra"]
[Source "ChessBase"]
[SourceDate "2005.01.01"]
[SourceVersion "1"]
[SourceVersionDate "2005.01.01"]
[SourceQuality "1"]

1. d4 Nf6 2. c4 g6 3. Nc3 Bg7 4. Nf3 0-0 5. e4 d6 6. Be2 Na6 7. 0-0 e5 8. Bg5 h6 9. Bh4 Qe8 10. dxe5 dxe5 11. a3 Nh5 12. Bg3 c6 13. Re1 Qe7 14. Qc2 Bg4 15. Rac1 Nc5 16. Bh4 g5 17. Nxg5 hxg5 18. Bxg4 Nf4 19. Bg3 Ncd3 20. Bf5 Rfd8 21. Rf1 Nxc1 22. Rxc1 b6 23. Qa4 Rd6 24. c5 bxc5 25. Qa5 Rad8 26. Bg4 Qb7 27. Na4 Nd3 28. Rb1 Qb3 29. h4 Rd4 30. Nxc5 Qc2 31. Rf1 Qxc5 32. Qc7 Qd6 33. Qxa7 Rc4 34. Bf5 Rd4 35. hxg5 Nf4 36. Bg4 Qg6 37. Bf3 Qxg5 38. Qa5 Bf6 39. Rc1 Kg7 40. a4 Rh8 0-1